000 00513nam a2200181Ia 4500
005 20250326125157.0
008 250326s9999 xx 000 0 und d
037 _aTextbook
040 _aFMSL
_beng
_cFMSL
041 _aeng
_2eng
084 _aX(D:82):8 K3
_qFMSL
100 _aMiller E J
245 0 _aModern maintece management
_cMiller E J; Blood J W
260 _aNY
_bNY, American Management Association
_c1963
300 _a144p
942 _cTB
_hX(D:82):8 K3
999 _c1276878
_d1276878